Jayaprakash Narayan: essential writings (1929 - 1979) (Record no. 399781)

000 -LEADER
fixed length control field 00420cam a22001337a 4500
008 - FIXED-LENGTH DATA ELEMENTS--GENERAL INFORMATION
fixed length control field 180718b2002 xxu||||| |||| 00| 0 eng d
020 ## - INTERNATIONAL STANDARD BOOK NUMBER
International Standard Book Number 8122006345
082 ## - DEWEY DECIMAL CLASSIFICATION NUMBER
Classification number A99/N164 P886
245 ## - TITLE STATEMENT
Title Jayaprakash Narayan: essential writings (1929 - 1979)
Statement of responsibility, etc. edited by Bimal Prasad
260 ## - PUBLICATION, DISTRIBUTION, ETC.
Place of publication, distribution, etc. New Delhi
Name of publisher, distributor, etc. Konark
Date of publication, distribution, etc. 2002
300 ## - PHYSICAL DESCRIPTION
Extent 471p.
650 ## - SUBJECT ADDED ENTRY--TOPICAL TERM
Topical term or geographic name entry element Narayan, Jayaprakash - Criticism and interpretation
700 ## - ADDED ENTRY--PERSONAL NAME
Personal name Prasad, Bimal
Holdings
Withdrawn status Lost status Damaged status Not for loan Permanent Location Current Location Date acquired Full call number Barcode Date last seen Price effective from Koha item type
        Indian Institute of Public Administration Indian Institute of Public Administration 2002-07-09 A99/N164 P886 77646 2018-07-21 2018-07-21 Book

Powered by Koha